Fr. Conceicao Rodrigues College of Engineering

Digital electronics 2nd ed (Record no. 27585)

MARC details
000 -LEADER
fixed length control field 00319nam a2200145Ia 4500
082 ## - DEWEY DECIMAL CLASSIFICATION NUMBER
Classification number 621.3815
Item number GOT
100 ## - MAIN ENTRY--PERSONAL NAME
Personal name Gothmann/William H
250 ## - EDITION STATEMENT
Edition statement 3
245 ## - TITLE STATEMENT
Title Digital electronics 2nd ed
260 ## - PUBLICATION, DISTRIBUTION, ETC.
Name of publisher, distributor, etc. Prentice Hall
Place of publication, distribution, etc. New Delhi
Date of publication, distribution, etc. 1995
300 ## - PHYSICAL DESCRIPTION
Extent 383
546 ## - LANGUAGE NOTE
Language note ENGLISH
654 ## - SUBJECT ADDED ENTRY--FACETED TOPICAL TERMS
Focus term digital
942 ## - ADDED ENTRY ELEMENTS (KOHA)
Koha item type BOOK
Holdings
Withdrawn status Lost status Damaged status Not for loan Collection Home library Current library Date acquired Source of acquisition Cost, normal purchase price Inventory number Total Checkouts Full call number Barcode Date last seen Cost, replacement price Price effective from Koha item type
        CRC Fr. Agnel's C.Rodrigues College of Engineering Fr. Agnel's C.Rodrigues College of Engineering 17/03/2023 global books 95.00 29   621.3815 GOT 8263 17/03/2023 95.00 17/03/2023 BOOK
        CRC Fr. Agnel's C.Rodrigues College of Engineering Fr. Agnel's C.Rodrigues College of Engineering 17/03/2023 global books 95.00 29   621.3815 GOT 8264 17/03/2023 95.00 17/03/2023 BOOK
        CRC Fr. Agnel's C.Rodrigues College of Engineering Fr. Agnel's C.Rodrigues College of Engineering 17/03/2023 global books 95.00     621.3815 GOT 8265 17/03/2023 95.00 17/03/2023 BOOK
        CRC Fr. Agnel's C.Rodrigues College of Engineering Fr. Agnel's C.Rodrigues College of Engineering 17/03/2023 global books 95.00 29   621.3815 GOT 8266 17/03/2023 95.00 17/03/2023 BOOK
        CRC Fr. Agnel's C.Rodrigues College of Engineering Fr. Agnel's C.Rodrigues College of Engineering 17/03/2023 global books 95.00 29   621.3815 GOT 8267 17/03/2023 95.00 17/03/2023 BOOK